Online
Catalog

Desarraigo, asombros / (Record no. 49328)

MARC details
000 -CABECERA
campo de control de longitud fija 00616nam a22002177a 4500
003 - IDENTIFICADOR DEL NÚMERO DE CONTROL
campo de control OSt
005 - FECHA Y HORA DE LA ÚLTIMA TRANSACCIÓN
campo de control 20210126134328.0
007 - CAMPO FIJO DE DESCRIPCIÓN FÍSICA--INFORMACIÓN GENERAL
campo de control de longitud fija ta
008 - DATOS DE LONGITUD FIJA--INFORMACIÓN GENERAL
campo de control de longitud fija 210114e2008 dr ||||| |||| 00| pdspa d
020 ## - NÚMERO INTERNACIONAL ESTÁNDAR DEL LIBRO
Número Internacional Estándar del Libro 9789945130805
040 ## - FUENTE DE LA CATALOGACIÓN
Centro catalogador/agencia de origen DO-SdBNP
Lengua de catalogación spa
Centro/agencia transcriptor BNPHU
041 ## - CÓDIGO DE LENGUA
Código de lengua original spa
082 ## - NÚMERO DE LA CLASIFICACIÓN DECIMAL DEWEY
Número de clasificación BNPH- xxxx
Número de documento/Ítem N575d
100 #1 - ENTRADA PRINCIPAL--NOMBRE DE PERSONA
9 (RLIN) 25855
Nombre de persona Núñez , Lorgio,
Fechas asociadas al nombre 1960-
245 10 - MENCIÓN DE TÍTULO
Título Desarraigo, asombros /
Mención de responsabilidad, etc. Antonio Manuel Brito Ovalle , prólogo.
250 ## - MENCIÓN DE EDICIÓN
Mención de edición 2da. ed.
260 ## - PUBLICACIÓN, DISTRIBUCIÓN, ETC.
Lugar de publicación, distribución, etc. Santo Domingo :
Nombre del editor, distribuidor, etc. Sonrisol ,
Fecha de publicación, distribución, etc. 2008
300 ## - DESCRIPCIÓN FÍSICA
Extensión 101 pg. ;
Dimensiones 19 cm.
700 ## - PUNTO DE ACCESO ADICIONAL--NOMBRE DE PERSONA
Nombre de persona Brito Ovalle, Antonio Manuel
Término indicativo de función/relación prólogo
9 (RLIN) 14359
942 ## - ELEMENTOS DE PUNTO DE ACCESO ADICIONAL (KOHA)
Fuente del sistema de clasificación o colocación Dewey Decimal Classification
Tipo de ítem Koha Libro
Holdings
Estado de retiro Estado de pérdida Fuente del sistema de clasificación o colocación No para préstamo Código de colección Localización permanente Ubicación/localización actual Ubicación en estantería Fecha de adquisición Fuente de adquisición Total de préstamos Signatura topográfica completa Código de barras Fecha visto por última vez Precio válido a partir de Tipo de ítem Koha
    Dewey Decimal Classification Excluido de préstamo Patrimonio Dominicano Biblioteca Nacional Pedro Henríquez Ureña Patrimonio Dominicano Depósito 06.12.2018 Donado por Nieves L. Enutenio R.   BNPH- xxxx N575l 2021-0094 14.01.2021 14.01.2021 Libro y Folleto Colección Patrimonio Dominicano

Powered by Koha